Gospodarze letnich Igrzysk Olimpijskich - Statystyki

Ogólne statystyki
  • Ten quiz został rozwiązany 331 razy
  • Średni wynik to 17 z 24
Statystyki odpowiedzi
lata City % Poprawnych
1900, 1924, 2024 Paryż
99%
1964, 2020 Tokio
96%
1896, 2004 Ateny
95%
1908, 1948, 2012 Londyn
93%
1936 Berlin
92%
1980 Moskwa
90%
2008 Pekin
90%
2000 Sydney
89%
1932, 1984, 2028 Los Angeles
88%
1992 Barcelona
86%
2016 Rio de Janeiro
84%
1960 Rzym
84%
1988 Seul
72%
1968 Meksyk
69%
1972 Monachium
68%
1912 Sztokholm
66%
1928 Amsterdam
60%
1996 Atlanta
59%
1952 Helsinki
59%
1976 Montreal
52%
1956 Melbourne
50%
1920 Antwerpia
36%
2032 Brisbane
34%
1904 St. Louis
24%
Nie znaleziono quizów pasujących do podanych kryteriów
Rozkład punktacji
Procent ludzi z każdym wynikiem
Percentyl według liczby udzielonych odpowiedzi
Twoja historia wyników
Nie rozwiązałeś tego quizu